Advanced calculus / (Record no. 2539)
[ view plain ]
| 000 -LEADER | |
|---|---|
| fixed length control field | 01067pam a2200289 a 4500 |
| 001 - CONTROL NUMBER | |
| control field | 565194 |
| 003 - CONTROL NUMBER IDENTIFIER | |
| control field | OSt |
| 005 - DATE AND TIME OF LATEST TRANSACTION | |
| control field | 20210908100151.0 |
| 008 - FIXED-LENGTH DATA ELEMENTS--GENERAL INFORMATION | |
| fixed length control field | 890414r19891961nyua 001 0 eng |
| 010 ## - LIBRARY OF CONGRESS CONTROL NUMBER | |
| LC control number | 89033578 |
| 020 ## - INTERNATIONAL STANDARD BOOK NUMBER | |
| International Standard Book Number | 0486661032 |
| 040 ## - CATALOGING SOURCE | |
| Original cataloging agency | DDC |
| Transcribing agency | HU |
| Modifying agency | DLC |
| 050 00 - LIBRARY OF CONGRESS CALL NUMBER | |
| Classification number | QA303 |
| Item number | .W48 1989 |
| 082 00 - DEWEY DECIMAL CLASSIFICATION NUMBER | |
| Classification number | 515 |
| Edition number | 2nd |
| 100 1# - MAIN ENTRY--PERSONAL NAME | |
| Personal name | Widder, D. V. |
| Fuller form of name | (David Vernon), |
| Dates associated with a name | 1898-1990. |
| 9 (RLIN) | 2185 |
| 245 10 - TITLE STATEMENT | |
| Title | Advanced calculus / |
| Statement of responsibility, etc. | by David V. Widder. |
| 250 ## - EDITION STATEMENT | |
| Edition statement | 2nd ed. |
| 260 ## - PUBLICATION, DISTRIBUTION, ETC. | |
| Place of publication, distribution, etc. | New York : |
| Name of publisher, distributor, etc. | Dover Publications, |
| Date of publication, distribution, etc. | 1989. |
| 300 ## - PHYSICAL DESCRIPTION | |
| Extent | xvi, 520 p. : |
| Other physical details | ill. ; |
| Dimensions | 22 cm. |
| 500 ## - GENERAL NOTE | |
| General note | Reprint. Originally published: Englewood Cliffs, N.J. : Prentice-Hall, 1961. Originally published in series: Prentice-Hall mathematics series. |
| 500 ## - GENERAL NOTE | |
| General note | Includes indexes. |
| 650 #0 - SUBJECT ADDED ENTRY--TOPICAL TERM | |
| Topical term or geographic name entry element | Calculus. |
| 9 (RLIN) | 2186 |
| 856 42 - ELECTRONIC LOCATION AND ACCESS | |
| Materials specified | Publisher description |
| Uniform Resource Identifier | <a href="http://www.loc.gov/catdir/description/dover032/89033578.html">http://www.loc.gov/catdir/description/dover032/89033578.html</a> |
| 906 ## - LOCAL DATA ELEMENT F, LDF (RLIN) | |
| a | 7 |
| b | cbc |
| c | orignew |
| d | 1 |
| e | ocip |
| f | 19 |
| g | y-gencatlg |
| 942 ## - ADDED ENTRY ELEMENTS (KOHA) | |
| Source of classification or shelving scheme | Dewey Decimal Classification |
| Koha item type | Books like text book referance book |
| Suppress in OPAC | No |
| Withdrawn status | Lost status | Source of classification or shelving scheme | Damaged status | Not for loan | Home library | Current library | Shelving location | Date acquired | Full call number | Barcode | Date last seen | Copy number | Price effective from | Koha item type | Total Checkouts |
|---|---|---|---|---|---|---|---|---|---|---|---|---|---|---|---|
| Dewey Decimal Classification | Natural & Computational Science Library | Natural & Computational Science Library | General Stacks | 09/08/2021 | 515/WID | NSCLIB00001493 | 09/08/2021 | 1 | 09/08/2021 | Books like text book referance book | |||||
| Dewey Decimal Classification | Natural & Computational Science Library | Natural & Computational Science Library | General Stacks | 09/08/2021 | 515/WID | NSCLIB00001494 | 09/08/2021 | 2 | 09/08/2021 | Books like text book referance book | |||||
| Dewey Decimal Classification | Natural & Computational Science Library | Natural & Computational Science Library | General Stacks | 09/08/2021 | 515/WID | NSCLIB00001497 | 09/08/2021 | 5 | 09/08/2021 | Books like text book referance book | |||||
| Dewey Decimal Classification | Natural & Computational Science Library | Natural & Computational Science Library | 10/13/2021 | 515/WID | NSCLIB00001500 | 10/13/2021 | 9 | 10/13/2021 | Books like text book referance book | ||||||
| Dewey Decimal Classification | Natural & Computational Science Library | Natural & Computational Science Library | 10/14/2021 | 515/WID | NSCLIB000018017 | 10/14/2021 | 7 | 10/14/2021 | Books like text book referance book | ||||||
| Dewey Decimal Classification | Natural & Computational Science Library | Natural & Computational Science Library | 10/28/2021 | 515/WID | NSCLIB00001498 | 10/28/2021 | 6 | 10/28/2021 | Books like text book referance book |